000 00787cab a2200253 4500
001 ABS56088
008 090401t1996 xxu||||| |||| 00| 0 eng d
035 _a(Sirsi) u21077
041 _aeng
100 _aEdwards, D.J.
245 _aElectronic document management systems and the management of UK construction projects
260 _c1996
350 _a0
490 _aBuilding Research and Information
_v24(5) September/October 1996, 287-292(6)
520 _aConsiders the role of EDMS within construction organisations.
650 _aCONSTRUCTION PROJECTS
650 _aELECTRONIC DOCUMENT MANAGEMENT SYSTEMS
650 _aRECORDS MANAGEMENT
690 _aProject management
_96261
700 _aShaw, T.
700 _aHolt, G.D.
942 _n0
948 _c04/03/1997
999 _c14143
_d14143